<?xml version="1.0" encoding="UTF-8"?>
<record
    xmlns:xsi="http://www.w3.org/2001/XMLSchema-instance"
    xsi:schemaLocation="http://www.loc.gov/MARC21/slim http://www.loc.gov/standards/marcxml/schema/MARC21slim.xsd"
    xmlns="http://www.loc.gov/MARC21/slim">

  <leader>00951nas a2200289 i 4500</leader>
  <controlfield tag="001">1609</controlfield>
  <controlfield tag="003">ES-MaACL</controlfield>
  <controlfield tag="005">20250217134303.0</controlfield>
  <controlfield tag="007">t|</controlfield>
  <controlfield tag="008">950801d19441950mc  |         |  1 ||re d</controlfield>
  <datafield tag="080" ind1=" " ind2=" ">
    <subfield code="a">449.49</subfield>
  </datafield>
  <datafield tag="245" ind1="0" ind2="0">
    <subfield code="a">Paru </subfield>
    <subfield code="b">: l'actualit&#xE9; litteraire intellectuelle et artistique / </subfield>
    <subfield code="c">[dir. Odile Path&#xE9;].</subfield>
  </datafield>
  <datafield tag="260" ind1=" " ind2=" ">
    <subfield code="a">Monaco : </subfield>
    <subfield code="b">Editions Odile Path&#xE9;, </subfield>
    <subfield code="c">1944-1950 (</subfield>
    <subfield code="e">Corbeil : </subfield>
    <subfield code="f">Cr&#xE9;t&#xE9;)</subfield>
  </datafield>
  <datafield tag="300" ind1=" " ind2=" ">
    <subfield code="a">11 v. : </subfield>
    <subfield code="b">grab ; </subfield>
    <subfield code="c">23 cm.</subfield>
  </datafield>
  <datafield tag="310" ind1=" " ind2=" ">
    <subfield code="a">Mensual</subfield>
  </datafield>
  <datafield tag="362" ind1="0" ind2=" ">
    <subfield code="a">N. 1 (1944, janv.)-N. 63 (1950, ao&#xFB;t/sept.)</subfield>
  </datafield>
  <datafield tag="500" ind1=" " ind2=" ">
    <subfield code="a">No se public&#xF3; de abr. a jun. de 1949.</subfield>
  </datafield>
  <datafield tag="500" ind1=" " ind2=" ">
    <subfield code="a">No se public&#xF3; de sep. a dic. de 1950.</subfield>
  </datafield>
  <datafield tag="650" ind1=" " ind2="4">
    <subfield code="a">Bibliograf&#xED;a.</subfield>
    <subfield code="9">10516</subfield>
  </datafield>
  <datafield tag="700" ind1="1" ind2=" ">
    <subfield code="a">Path&#xE9;, Odile, </subfield>
    <subfield code="e">dir.</subfield>
    <subfield code="9">194254</subfield>
  </datafield>
  <datafield tag="700" ind1="1" ind2=" ">
    <subfield code="a">Collinet, Michel, </subfield>
    <subfield code="e">dir.</subfield>
    <subfield code="9">39720</subfield>
  </datafield>
  <datafield tag="785" ind1="0" ind2="7">
    <subfield code="a">Monde Nouveau</subfield>
  </datafield>
  <datafield tag="785" ind1="0" ind2="7">
    <subfield code="a">Monde nouveau. Paru </subfield>
    <subfield code="d">1951-1957</subfield>
  </datafield>
  <datafield tag="852" ind1=" " ind2=" ">
    <subfield code="a">ES-MaACL</subfield>
    <subfield code="j">Hem-427</subfield>
  </datafield>
  <datafield tag="866" ind1=" " ind2="0">
    <subfield code="o">(1948),.1951-52(1953).</subfield>
  </datafield>
  <datafield tag="999" ind1=" " ind2=" ">
    <subfield code="c">1609</subfield>
    <subfield code="d">1609</subfield>
  </datafield>
  <datafield tag="952" ind1=" " ind2=" ">
    <subfield code="0">0</subfield>
    <subfield code="1">0</subfield>
    <subfield code="4">0</subfield>
    <subfield code="7">0</subfield>
    <subfield code="8">Hemeroteca</subfield>
    <subfield code="a">ATENEOM</subfield>
    <subfield code="b">ATENEOM</subfield>
    <subfield code="c">DEPO1</subfield>
    <subfield code="d">2008-01-17</subfield>
    <subfield code="e">SC</subfield>
    <subfield code="l">0</subfield>
    <subfield code="o">Hem-427</subfield>
    <subfield code="p">1001644</subfield>
    <subfield code="r">2023-02-23 00:00:00</subfield>
    <subfield code="w">2023-02-23</subfield>
    <subfield code="y">PERIODICA</subfield>
  </datafield>
</record>
